Statistics for World Capitals Hidden Meanings

Click here to take the quiz!

General Stats

  • This quiz has been taken 6 times
  • The average score is 3 of 10

Answer Stats

HintCapital% Correct
A British queenVictoria
83%
A grapeMuscat
33%
Means "New Flower" in the language of its countryAddis Ababa
17%
A type of silkDamascus
17%
Named from the Viking for "Black Pool"Dublin
17%
A letter in the radio alphabetLima
17%
Contains a military rankMajuro
17%
Where you find a lab in Missouri?Malabo
17%
Means "Old City" in the language of its countryTallinn
17%
A type of bootWellington
17%

Score Distribution

Percentile by Number Answered

Percent of People with Each Score

Your Score History

You have not taken this quiz